000 00236nam a22000857a 4500
008 161028b xxu||||| |||| 00| 0 eng d
100 _9980
_aSharma,.R.K.
245 _aScience and Technology
260 _aNew Delhi
_bHoly Faith Publications
_c2006
999 _c3639
_d3639